LEADER 02432nam 2200565Ia 450 001 9910574099703321 005 20170816113503.0 010 $a1-68367-122-8 010 $a1-283-03444-1 010 $a9786613034441 010 $a1-55581-685-1 035 $a(CKB)2670000000077763 035 $a(EBL)676288 035 $a(OCoLC)707608269 035 $a(SSID)ssj0000483660 035 $a(PQKBManifestationID)11303506 035 $a(PQKBTitleCode)TC0000483660 035 $a(PQKBWorkID)10573811 035 $a(PQKB)10076955 035 $a(MiAaPQ)EBC676288 035 $a(PPN)194692728 035 $a(EXLCZ)992670000000077763 100 $a20100506d2011 uy 0 101 0 $aeng 135 $aur|n|---||||| 181 $ctxt 182 $cc 183 $acr 200 00$aCryptococcus$b[electronic resource] $efrom human pathogen to model yeast /$fedited by Joseph Heitman ... [et al.] 210 $aWashington, DC $cASM Press$dc2011 215 $a1 online resource (647 p.) 300 $aDescription based upon print version of record. 311 $a1-55581-501-4 320 $aIncludes bibliographical references and index. 327 $aContents; Contributors; Foreword; Preface; SECTION I. GENERAL PRINCIPLES; SECTION II. GENETICS AND GENOMICS; SECTION III. SIGNALING AND VIRULENCE; SECTION IV. ENVIRONMENTAL INTERACTIONS AND POPULATION GENETICS; SECTION V. INTERACTIONS WITH THE IMMUNE SYSTEM; SECTION VI. PATHOGENESIS OF CRYPTOCOCCOSIS; SECTION VII. DIAGNOSIS, TREATMENT, PREVENTION, AND CLINICAL PERSPECTIVES; Index 330 $aFeaturing more than 100 expert authors from around the world, this book offers the full range of scientific and clinical perspectives needed to create this unique, comprehensive overview of Cryptococcus. It covers both the Cryptococcus neoformans and Cryptococcus gattii species, examining in detail the life cycle, pathophysiology, molecular biology, genetics, genomics, epidemiology, immunology, and clinical management of this encapsulated yeast. 606 $aCryptococcus 606 $aCryptococcaceae 615 0$aCryptococcus. 615 0$aCryptococcaceae. 676 $a579.5/9 701 $aHeitman$b Joseph$0890211 712 02$aAmerican Society for Microbiology. 801 0$bMiAaPQ 801 1$bMiAaPQ 801 2$bMiAaPQ 906 $aBOOK 912 $a9910574099703321 996 $aCryptococcus$92869249 997 $aUNINA LEADER 01038cam a2200301 i 4500 001 991001652319707536 008 030530s1973 it 000 0 ita d 035 $ab12177891-39ule_inst 040 $aDip.to Biologia$beng 082 00$a575.1 082 00$a630.2751 100 1 $aBrewbaker, James Lynn$063272 245 10$aGenetica agraria /$cJames L. Brewbaker 260 $aBologna :$bZanichelli,$cc1973 300 $axi, 153 p. :$bill. ;$c24 cm 440 0$aSerie di genetica$n5 500 $aTit. Orig.: Agricultural Genetics 500 $aTranls. by Pier Giovanni Donini 504 $aIncludes bibliographical references 650 4$aBreeding 650 4$aGenetics 700 1 $aDonini, Pier Giovanni 907 $a.b12177891$b08-07-11$c30-05-03 912 $a991001652319707536 945 $aLE003 581.3 BRE02.01 (1973)$g1$i2003000040623$lle003$o-$pE0.00$q-$rl$s- $t0$u3$v12$w3$x0$y.i12528055$z30-05-03 996 $aGenetica agraria$9144979 997 $aUNISALENTO 998 $ale003$b30-05-03$cm$da $e-$fita$git $h0$i0 LEADER 03521nam 22005655 450 001 9910588786003321 005 20251113204522.0 010 $a9783658383015 010 $a3658383011 024 7 $a10.1007/978-3-658-38301-5 035 $a(CKB)5850000000062280 035 $a(MiAaPQ)EBC7078021 035 $a(Au-PeEL)EBL7078021 035 $a(oapen)https://directory.doabooks.org/handle/20.500.12854/92387 035 $a(DE-He213)978-3-658-38301-5 035 $a(PPN)264194535 035 $a(OCoLC)1344538378 035 $a(ODN)ODN0010071227 035 $a(oapen)doab92387 035 $a(EXLCZ)995850000000062280 100 $a20220826d2022 u| 0 101 0 $ager 135 $aurcnu|||||||| 181 $ctxt$2rdacontent 182 $cc$2rdamedia 183 $acr$2rdacarrier 200 10$aKosten der hubschraubergestützten Notfallversorgung $eInnovationsbasierte Szenarioanalyse und Empfehlungen zur Gestaltung von Luftrettungssystemen /$fvon Johann W. A. Röper 205 $a1st ed. 2022. 210 1$aWiesbaden :$cSpringer Fachmedien Wiesbaden :$cImprint: Springer Gabler,$d2022. 215 $a1 online resource (276 pages) 225 1 $aGesundheitsmanagement und Gesundheitsökonomik,$x2523-7675 311 08$a9783658383008 311 08$a3658383003 327 $aEinleitung -- Grundlagen -- Methodik -- Ergebnisse -- Diskussion -- Fazit -- Literaturverzeichnis. 330 $aIn diesem Open-Access-Buch wird die Aussteuerung von Zielkonflikten bei der Gestaltung des Luftrettungssystems in Deutschland erarbeitet, indem ein Modell zur Bewertung von Luftrettungsleistungen entwickelt wird. Der hubschraubergestützten Luftrettung kommt seit Jahren eine zunehmende Bedeutung in der notfallmedizinischen Versorgung zu. Als auffälliges und leistungsfähiges, aber auch teures Rettungsmittel unterliegt die Luftrettung äußerst vielen Ansprüchen, die von unterschiedlichsten Interessensgruppen an das Luftrettungssystem gestellt werden. Diese Partikularinteressen implizieren Zielkonflikte bei der Gestaltung des Luftrettungssystems. Mit dem Kostenmodell werden verschiedene Szenarien modelliert, welche auf einem exemplarischen Erfahrungsobjekt basieren. Abgebildet werden unter anderem der Status Quo, Kritikpunkte am deutschen Luftrettungssystem sowie verschiedene Innovationen, die sich auch aus einem Vergleich ausgewählter internationaler Luftrettungssysteme ergeben. Die Ergebnisse der Arbeit werden genutzt, um Handlungsempfehlungen zur Gestaltung von Luftrettungssystemen auszuarbeiten. Der Autor Dr. Johann W. A. Röper forschte am Lehrstuhl für Allgemeine Betriebswirtschaftslehre und Gesundheitsmanagement der Universität Greifswald sowie an der Klinik für Anästhesie-, Intensiv,- Notfall- und Schmerzmedizin der Universitätsmedizin Greifswald in den MV/LIFE/DRONE-Projekten. Anschließend wechselte er in eine Unternehmensberatung mit gesundheitswirtschaftlichem Schwerpunkt, bleibt Forschung und Lehre aber weiterhin eng verbunden. 410 0$aGesundheitsmanagement und Gesundheitsökonomik,$x2523-7675 606 $aMedical economics 606 $aHealth Economics 615 0$aMedical economics. 615 14$aHealth Economics. 676 $a338.4761 686 $aBUS069000$2bisacsh 700 $aRöper$b Johann W. A$01255599 801 0$bMiAaPQ 801 1$bMiAaPQ 801 2$bMiAaPQ 906 $aBOOK 912 $a9910588786003321 996 $aKosten der Hubschraubergestützten Notfallversorgung$92911097 997 $aUNINA